000
00291nam a2200109Ia 4500
008
200302s9999 xx 000 0 und d
100
_a
R. Prakash & S M Choubey
245
_a
Enveronmental Plloution and Health Hazwrds
260
_b
Society of Bio Science
260
_c
1990
300
_a
191 P.,
999
_c
5863
_d
5863